00000000cam 2200000zi 4500
0019.963100
003CaOODSP
00520260601173355
006m     o  d f      
007cr |n|||||||||
008260526e202605##oncb    ob   f|0| 0 eng d
040 |aCaOODSP|beng|erda|cCaOODSP
043 |an-cn---
0861 |aXC49-1/1-451-3E-PDF
1101 |aCanada. |bParliament. |bHouse of Commons. |bStanding Committee on Natural Resources, |eauthor, |eissuing body.
24513|aAn extraordinary opportunity for Canada : |bthe development of critical minerals / |cHonourable Terry Duguid, chair.
264 1|a[Ottawa] : |bHouse of Commons, Canada = Chambre des communes, Canada, |cMay 2026.
300 |a1 online resource (viii, 86 pages) : |bmaps.
336 |atext|btxt|2rdacontent
337 |acomputer|bc|2rdamedia
338 |aonline resource|bcr|2rdacarrier
4901 |aReport of the Standing Committee on Natural Resources ; |v3rd report, 45th Parliament, 1st session
500 |aIssued also in French under title: Des possibilités extraordinaires pour le Canada : le développement des minéraux critiques.
504 |aIncludes bibliographical references.
650 5|aMines and mineral resources|zCanada.
650 0|aMineral industries|zCanada.
7001 |aDuguid, Terry.
77508|tDes possibilités extraordinaires pour le Canada : |w(CaOODSP)9.963101
830#0|aReport of the Standing Committee on Natural Resources ;|v3rd report, 45th Parliament, 1st session.|w(CaOODSP)9.507014
85640|qPDF|s7.63 MB|uhttps://publications.gc.ca/collections/collection_2026/parl/xc49-1/XC49-1-1-451-3-eng.pdf
8564 |qHTML|sS.O.|uhttps://www.ourcommons.ca/DocumentViewer/en/45-1/RNNR/report-3/